00491nam a2200145Ia 4500008004100000041000800041082001500049100001600064245004500080260004200125300003100167365000900198999001700207952012100224240624s9999 xx 000 0 und d aeng a005.74 FIS aFISHER TONY aDATA ASSET HOW SMART COMPANIES GOVERN TH c2009aNew JerseybJohn Wiley and Sons axix, : 220 : p. : cm. ; 23 cb30 c15091d15091 00104070aIMTNbIMTNcRack 3-Ad2010-05-12eBWEg44.95o005.74 FISp15091r2024-06-24 00:00:00t48w2024-06-24yBK